000 00425nam a2200157 i 4500
001 42122
003 ES-MaACL
005 20230906160542.0
007 t|
008 030312s1932 sp ||||1| spa d
100 1 _aCastelló, Juan.
_936556
245 1 0 _aProyecto de estatuto de la vivienda /
_cJuan Castelló.
260 _aMadrid :
_bMoreno Fernández,
_c1932.
300 _a42 p. ;
_c19 cm.
852 _aES-MaACL
_j1780-F-3
999 _c42122
_d42122